000 01050nam a22002537a 4500
005 20170124102944.0
010 _aB-068277
020 _c175.00
035 _aB-068277
037 _bCen Lib/Ret
040 _aDPL
_bHN
082 _a828
_bनागर
100 _aनागर, विष्णु
_9210
245 _aयथार्थ की माया /
_cविष्णु नागर
246 _aYatharth ki maya /
_bby Vishnu Naagar
260 _aनई दिल्ली
_bसामयिक प्रकाशन
_c2002
270 _bनई दिल्ली
_a3320-21, जटवाड़ा, नेताजी सुभाष मार्ग, दरियागंज
_e110002
300 _a184पृ.
_c21सेमी (सजिल्द)
650 _aहिन्दी -- साहित्य
_949391
650 _aहिन्दी -- कहानियां
_949392
650 _aHindi -- literature
_949393
650 _aHindi - Stories
_949394
942 _2ddc
_cHN
_h828
_mनागर
999 _c112838
_d112838